Základy práva životného prostredia.

Význam ústavnoprávnej regulácie starostlivosti o životné prostredie pre ďalšiu právnu úpravu obsiahnutú v zákonoch a právnych predpisoch. Vymedzenie práva životného prostredia a predmetu právnej regulácie. Základné skupiny právnych predpisov týkajúcich sa starostlivosti o životné prostredie v horizo...

Descrizione completa

Salvato in:
Dettagli Bibliografici
Autore principale: Klementová, S.
Natura: Capitolo di libro
Lingua:slovacco
Soggetti:
Tags: Aggiungi Tag
Nessun Tag, puoi essere il primo ad aggiungerne!!

MARC

LEADER 00000naa a2200000 4500
001 r010536
005 20220831085658.3
041 0 |a slo 
044 |a [CS] 
245 1 0 |a Základy práva životného prostredia.  |c S. Klementová 
520 |a Význam ústavnoprávnej regulácie starostlivosti o životné prostredie pre ďalšiu právnu úpravu obsiahnutú v zákonoch a právnych predpisoch. Vymedzenie práva životného prostredia a predmetu právnej regulácie. Základné skupiny právnych predpisov týkajúcich sa starostlivosti o životné prostredie v horizontálnom členení: predpisy upravujúce starostlivosť o životné prostredie, predpisy týkajúce sa tzv. zdrojov ohrozenia životného prostredia, predpisy súvisiace so zdravými životnými podmienkami človeka. 
610 2 0 |a ochrana prostredia životného 
610 2 0 |a prostredie životné 
610 2 0 |a predpisy právne 
610 2 0 |a ČSFR 
610 2 0 |a zákony 
100 1 |a Klementová, S.